000 01039nam0a22002651 4500
001 rc\3336346
005 20130115151640.2
021 _aRU
_b[69-42995]
035 _a(NLR Aleph) 007515132
090 _a7707746
_c7707746
100 _a20130115d1969 |||y0rusy50 ca
101 0 _arus
102 _aRU
105 _aa z |||||
200 1 _aСистематика животных (беспозвоночные)
_eМетод. пособие для студентов вет.-сан. фак.
_fМ-во высш. и сред. спец. образования РСФСР. Моск. технол. ин-т мясной и молочной пром-сти
210 _aМосква
_cБ. и.
_d1969
215 _a23 с.
_cил.
_d30
532 1 3 _aСистематика животных беспозвоночные
606 _aБеспозвоночные
_xСистематика
_2psbo
700 1 _aТереза
_bС. И.
801 0 _aRU
_bNLR
_gpsbo
801 1 _aRU
_bELAR
_2rusmarc
852 _aNLR
_j69-8/1156
942 _cBOOK
980 _aNB